000 00733nam a2200241 a 4500
005 20180803164844.0
008 140224b1991 ck ||||| |||| 00| 0 spa d
041 _aspa
044 _ack
090 _aLB
_b00911
100 _aHerrera, Jimmy
_99958
245 _aInventario de reptiles del campo de explotación petrolera Caño Limón, Arauca
_bI semestre de 1991
260 _aBogotá
_bUniversidad Nacional de Colombia
_c1991
300 _a40 p.
650 _aReptiles
_99959
650 _aInventarios
_992201
650 _aDescripciones taxonómicas
_93930
650 _aReptilia
_93233
662 _aColombia
_cCaño Limón
_bArauca
700 _aLeiva, Miguel
_99960
700 _aSánchez, Hernán
_99961
942 _cImpreso
_2z
999 _c923
_d923